| 000 | 00704nam a22001937a 4500 | ||
|---|---|---|---|
| 003 | BD-DhUL | ||
| 005 | 20170516170741.0 | ||
| 008 | 170516s2000 ii ||||| |||| 00| 0 ben c | ||
| 020 | _a8186383859 | ||
| 040 |
_aBD-DhUL _cBD-DhUL |
||
| 082 |
_a891.44 _bROS |
||
| 100 | 1 | _aরায়, অনুরাধা | |
| 245 | 1 | 0 |
_aসেকালের মার্কসীয় সংস্কৃতি আন্দোলন / _cঅনুরাধা রায় |
| 260 |
_aকলকাতা : _bপ্রগ্রেসিভ, _c২০০০ |
||
| 300 |
_a২১১ পৃ. ; _c২২ সেমি |
||
| 650 | 0 | _aবাংলা সাহিত্য | |
| 650 | 0 | _aBangla Literature | |
| 942 |
_2ddc _cBK |
||
| 999 |
_c197878 _d197878 |
||